Механика жидкости и газа: учебное пособие

Bibliografiske detaljer
Andre forfattere: Швыдкий В. С. Владимир Серафимович (редактор)
Summary:Рассматриваются вопросы современной гидромеханики. Приведены методы описания общих уравнений движения, а также примеры использования описанных методов для решения задач теплофизики и теплоэнергетики металлургического производства. Освещены прикладные аспекты механики сплошных сред. Учебное пособие предназначено для студентов металлургических вузов, обучающихся по специальности «Теплофизика, автоматизация и экология промышленных печей», и может быть полезно студентам и аспирантам металлургических, энергетических, химико-технологических факультетов и вузов.
Sprog:russisk
Udgivet: Москва, Академкнига, 2003
Udgivelse:2-е изд., перераб. и доп.
Serier:Учебники для вузов
Fag:
Format: MixedMaterials Bog
KOHA link:https://koha.lib.tpu.ru/cgi-bin/koha/opac-detail.pl?biblionumber=64919

MARC

LEADER 00000nam0a2200000 4500
001 64919
005 20231031070040.0
010 |a 5946280406 
035 |a (RuTPU)RU\TPU\book\68923 
090 |a 64919 
100 |a 20040610d2003 m y0rusy50 ca 
101 0 |a rus 
102 |a RU 
105 |a a j 001zy 
200 1 |a Механика жидкости и газа  |e учебное пособие  |f под ред. В. С. Швыдкого 
205 |a 2-е изд., перераб. и доп. 
210 |a Москва  |c Академкнига  |d 2003 
215 |a 464 с.  |c ил. 
225 1 |a Учебники для вузов 
320 |a Библиогр.: с. 458. 
320 |a Предметный указатель: с.459-462. 
330 |a Рассматриваются вопросы современной гидромеханики. Приведены методы описания общих уравнений движения, а также примеры использования описанных методов для решения задач теплофизики и теплоэнергетики металлургического производства. Освещены прикладные аспекты механики сплошных сред. Учебное пособие предназначено для студентов металлургических вузов, обучающихся по специальности «Теплофизика, автоматизация и экология промышленных печей», и может быть полезно студентам и аспирантам металлургических, энергетических, химико-технологических факультетов и вузов. 
610 1 |a механика 
610 1 |a газ 
610 1 |a жидкость 
610 1 |a кинематика 
610 1 |a уравнения движения 
610 1 |a подобие 
610 1 |a размерность 
610 1 |a турбулентное движение 
610 1 |a течение 
610 1 |a пограничный слой 
610 1 |a истечение 
610 1 |a турбулентные газовые струи 
610 1 |a струйный инжектор 
610 1 |a двухфазные течения 
610 1 |a трубы 
610 1 |a каналы 
610 1 |a численные методы 
610 1 |a учебные пособия 
610 1 |a теория 
675 |a 532(075.8)  |v 3 
702 1 |a Швыдкий  |b В. С.  |g Владимир Серафимович  |4 340 
801 1 |a RU  |b 63413507  |c 20040610  |g PSBO 
801 2 |a RU  |b 63413507  |c 20160329  |g PSBO 
900 |a Механика жидкости и газа 
900 |a Металлургия и коррозия металлов 
942 |c BK 
952 |b 150100  |b 150103 
959 |a 77/20060911  |d 5  |e 0  |f НФ:1  |f УФ:4